000 00254nam a2200097Ia 4500
008 241105s9999 xx 000 0 und d
041 _aeng
100 _aLamkane B.
_9182115
245 _aEcotel On An Island : Goa
260 _bFinal Year B. Arch, BNCA
_c2010
999 _c360388
_d360388